• 首页
  • 本馆介绍
  • 公告通知
  • 最新文献
  • 馆藏检索
  • 电子资源
  • 读者导购
  • 参考咨询
  • 我的图书馆
  • 登录
  • 详细信息显示
  • 放入我的书架
  • 预约/预借图书
  • 作者相关作品
  • 分类相关作品
  • 丛书相关作品
  • 出版社相关作品

书目信息

  • 表格格式
  • 工作单格式
  • 卡片格式
题名:
版画世界
    
 
作者: ;版画世界编辑组 编辑
分册: 第一期  
出版信息: 北京   人民美术出版社  1983
页数: 52页
开本: 25cm
丛书名:
单 册:
中图分类: J237
科图分类:
主题词: 版画--世界--画册
电子资源:
ISBN:
000 00600nam0 2200217 45
001 0183008486
005 20060818162921.54
010    @dCNY1.20
091    @aCN@b8027.8744
100    @a19960215d1983 em y0chiy0121 ea
101 0  @achi
102    @aCN@b110000
105    @aa z 000yy
200 10 @a版画世界@Aban hua shi jie@h第一期@f版画世界编辑组编辑
210    @a北京@c人民美术出版社@d1983
215    @a52页@d25cm
606    @a版画@y世界@x画册
690    @aJ237@v3
711 02 @a版画世界编辑组@Aban hua shi jie bian ji zu@4编辑
801  0 @aCN@bTSSF@c20060818
905    @a10447@dJ237@e53:1(1983)
    
    版画世界.第一期/版画世界编辑组编辑.-北京:人民美术出版社,1983
    52页;25cm
    
    
    ISBN :CNY1.20
    
●
相关链接 在E读中查询图书 在五车中查询图书 在当当中查询图书 在豆瓣中查询图书


正题名:版画世界     索取号:J237/53:1(1983)         预约/预借

序号 登录号 条形码 馆藏地/架位号 状态 备注
1 0466625   204666254   密集书库/ [索取号:J237/53:1(1983)] 在馆    
唐山师范学院图书馆 欢迎您!
大连网信软件有限公司© 版权所有